| 000 | 00925nac a22002531u 4500 | ||
|---|---|---|---|
| 010 | _a 2005278081 | ||
| 020 | _a074530589x(cased) | ||
| 020 | _a0745321240 (pbk.) | ||
| 035 | _a(OCoLC)ocm57007670 | ||
| 082 | 0 | 4 |
_a344.4101 _bPAI |
| 090 |
_c5643 _d5643 |
||
| 100 | _aPainter, Richard W., | ||
| 245 | 1 | 0 |
_aEmployment rights: A Refrence Handbook / _cRichard W. Paint & Keith Puttick. |
| 250 |
_a3rd ed. / _bRichard W. Painter and Keith Puttick with Ann Holmes. |
||
| 260 |
_aLondon ; _aAnn Arbor, MI : _bPluto Press,c.1993. _cc.1993. |
||
| 300 |
_alviii, 561 p. : _bill., forms ; _c23 cm. |
||
| 500 | _aFirst Published 1988. | ||
| 500 | _aDistributer : Al-Ahram. | ||
| 504 | _aIncludes bibliographical references and index. | ||
| 511 | _aCatalogued By : Mahitab. | ||
| 650 | 0 |
_aLabor laws and legislation _zGreat Britain. |
|
| 700 | 1 | _aPuttick, Keith. | |
| 942 |
_cBB _k344.4101PAI |
||
| 999 |
_c5643 _d5643 |
||